|
|
แสดงรายละเอียดบรรณานุกรม |
|
|
Brief Record
: Get Marc (ISO 2709)
: E-mail record
: |
| LEADER 00000nama 2200000uu 4500 | |||
| 001 184337 | |||
| 003 ULIBM | |||
| 008 040531s2541 th m m a000 0 tha d | |||
| 020 974-291-623-3 | |||
| 041 tha | |||
| 050 HF5549 อ692ส 2541 | |||
| 100 อำพล จินดาวัฒนะ | |||
| 245 สู่อนาคตที่ดีกว่า สรุปการบรรยายพิเศษเรื่อง การพัฒนาสถานภาพหน่วยราชการเป็นองค์กรมหาชน 001 | |||
| 260 นนทบุรี โครงการสวัสดิการวิชาการ สถาบันพระบรมราชชนก 2541 | |||
| 300 48 หน้า | |||
| 650 การปรับองค์กร หน่วยราชการ - การพัฒนาองค์กรมหาชน - การปฏิรูป | |||
| 998 2001-01-25 | |||
| คุณยังไม่ได้ล็อกอิน คุณสามารถมีกิจกรรมร่วมกับเว็บไซต์ได้ แต่ต้องล็อกอินก่อน :: |
|
| สถานะ | |||||||||
| 1. | หนังสือทั่วไป | HF5549 อ692ส 2541 | On Shelf ขอยืม | ||||||
| [แสดง 1/1 รายการ] | |||||||||
| รายการใกล้เคียง ผู้แต่ง [อำพล จินดาวัฒนะ]
|
BibComment |
| คอมเมนท์ทรัพยากรรายการนี้ |
|
|